000 00454nam a2200181Ia 4500
008 100917s9999 xx 000 0 und d
082 _b43476
100 _aमोरे महादेव
245 _aझळा
260 _bअजब पुस्तकालय
_c1980
300 _a250
365 _b25
520 _aकादंबरी
630 _aझळा
650 _aकादंबरी
730 _aझळा
942 _cBOOK
999 _c648870
_d648867